[Event "IECC CL7-2002.01"]
[Site "IECC email"]
[Date "2002.01.08"]
[Round "?"]
[White "Glaser, William"]
[Black "Bottoni, Carlo"]
[Result "0-1"]
[WhiteElo "1251"]
[BlackElo "1059"]
[PlyCount "38"]
[EventDate "2002.??.??"]
[EventType "tourn (corr)"]
[EventRounds "4"]
[SourceTitle "Corr 2008"]
[Source "ChessBase"]
[SourceDate "2008.06.24"]
[SourceVersion "1"]
[SourceVersionDate "2008.06.24"]
[SourceQuality "1"]

1. d4 d5 2. Nf3 Nf6 3. e3 Nc6 4. c3 e6 5. Bd3 Bd6 6. Nbd2 Bd7 7. e4 Nxe4 8. Nxe4 dxe4 9. Bxe4 f5 10. Ng5 fxe4 11. Nxe4 0-0 12. Bg5 Ne7 13. 0-0 Bc6 14. Qg4 Qd7 15. Nf6+ gxf6 16. Bxf6+ Ng6 17. Be5 Bxe5 18. dxe5 Qd5 19. f3 Rf4 0-1

[Event "IECC CL7-2002.01"]
[Site "IECC email"]
[Date "2002.01.08"]
[Round "?"]
[White "Hames, Mike"]
[Black "Glaser, William"]
[Result "1-0"]
[WhiteElo "1077"]
[BlackElo "1275"]
[PlyCount "55"]
[EventDate "2002.??.??"]
[EventType "tourn (corr)"]
[EventRounds "4"]
[SourceTitle "Corr 2008"]
[Source "ChessBase"]
[SourceDate "2008.06.24"]
[SourceVersion "1"]
[SourceVersionDate "2008.06.24"]
[SourceQuality "1"]

1. e4 c5 2. Nf3 Nc6 3. d4 e6 4. Nc3 cxd4 5. Nxd4 Bc5 6. Be3 Nxd4 7. Bxd4 Bxd4 8. Qxd4 Ne7 9. Qxg7 Ng6 10. f4 Qb6 11. f5 Qe3+ 12. Be2 exf5 13. exf5 Qe5 14. f6 d6 15. 0-0-0 Qf4+ 16. Kb1 Be6 17. g3 Qe5 18. h4 0-0-0 19. h5 Rdg8 20. Qh6 Nf8 21. Rhg1 Nd7 22. Rdf1 Nb6 23. g4 Nd5 24. Nxd5 Qxd5 25. b3 b5 26. Qe3 Kb8 27. Qd3 Qc5 28. Qxb5+ 1-0